| 000 | 00667nam a2200217 a 4500 | ||
|---|---|---|---|
| 005 | 20240924071112.0 | ||
| 008 | 991125s1977 mx 000 0 spa u | ||
| 035 | _aUPN01000007324 | ||
| 049 | _aCE | ||
| 050 | 4 |
_aPN6053 _bC6.2 no.17 1977 |
|
| 100 | 1 |
_aRojas, Fernando de, _dca. 1465-1541 _930406 |
|
| 245 | 1 | 3 |
_aLa Celestina / _cFernando de Rojas ; ed. y notas prel. de Federico Carlos Saínz de Robles. |
| 250 | _a2a ed. | ||
| 260 |
_aMéxico : _bAguilar, _c1977. |
||
| 300 | _a380 p. | ||
| 440 | 0 |
_aCrisol literario ; _v17 |
|
| 500 | _aEdición de lujo de bolsillo | ||
| 650 | 4 |
_aLiteratura española _95069 |
|
| 650 | 4 | _aTRAGICOMEDIA ESPAÑOLA | |
| 905 | _aLibro | ||
| 999 |
_c7324 _d7324 |
||